Artc̕ulos Eduard Sagarra

Detalles Bibliográficos
Autor principal: Sagarra, Eduard
Formato: eBook
Lenguaje:catalán
Publicado: Barcelona : Roca Junyent Abogados, 2012 -
Materias:
Acceso en línea:Acceso restringido

MARC

LEADER 00000nam a22000007a 4500
005 2012061108538.0
007 cr|||| ||||
008 120611c20129999sp ||||ss|||| 0|||b1cat d
035 |a 6534 
040 |a vLex 
090 |c 3164  |d 3164 
100 1 |a Sagarra, Eduard 
245 1 0 |a Artc̕ulos Eduard Sagarra  |h [Recurso electrn̤ico] 
256 |a Servicio en ln̕ea 
260 |a Barcelona :  |b Roca Junyent Abogados,  |c 2012 -  
300 |a 1 recurso electrn̤ico 
310 |a Indeterminada 
362 |a Nm︢. 1 (2012) -  
500 |a Eduard Sagarra es Abogado y Socio fundador de Roca Junyent. Presidente de la Asociacin̤ para las Naciones Unidas en Espaą (ANUE). Especializado en Derecho Inmobiliario as ̕como en Derecho Internacional Pb︢lico, Privado y Comunitario, Derecho de Extranjera̕ e Inmigracin̤, Derecho Internacional de los Derechos Humanos. 
506 1 |a Contenido solo disponible en los productos indicados  |d vLex Global   |d vLex Global (Academic Edition, excluding Law Schools)   |d vLex Global (U.S. Academic Edition, Law Schools)   |d vLex Global (U.S. Academic Edition, excluding Law Schools)   |d vLex Global (Academic Edition, Law Schools)  
650 0 4 |a Recopilacin̤ de artc̕ulos 
650 0 4 |a Derecho internacional 
740 0 |a vLex Revistas (Servicio en ln̕ea) 
856 4 0 |u http://vlex.com/source/articulos-eduard-sagarra-6534  |z Acceso restringido 
942 |c REV 
999 0 |a International law